Statistiques concernant Stations du tramway de Strasbourg sur une carte

Cliquez ici pour prendre le quiz!

Statistiques générales

  • Ce quiz a été pris 1 217 fois
    (1 162 depuis la dernière actualisation)
  • Le résultat moyen est 40 sur 102

Réponses sur la Carte

Les réponses sont colorées sur une échelle allant du rouge au vert en fonction du pourcentage des utilisateurs qui les ont devinées à leur premier essai. Vous pouvez retrouver ces pourcentages ci-dessous.
 

Statistiques - réponses

Stations% Correct
Homme de Fer
93%
Gare Centrale
85%
République
82%
Gallia
75%
Observatoire
74%
Université
74%
Étoile Bourse
72%
Esplanade
69%
Parc des Sports
67%
Porte de l'Hôpital
67%
Étoile Polygone
64%
Place Broglie
64%
Place d'Islande
64%
Rotonde
64%
Winston Churchill
63%
Langstross Grand'Rue
62%
Ancienne Synagogue Les Halles
61%
Landsberg
59%
Lycée Kléber
59%
Poteries
59%
Wacken
58%
Parlement Européen
57%
Kehl Rathaus
56%
Faubourg de Saverne
54%
Campus d'Illkirch
52%
Jean Jaurès
52%
Port du Rhin
52%
Hœnheim Gare
51%
Alt Winmärik
50%
Krimmeri Stade de la Meinau
50%
Émile Mathis
49%
Lycée Couffignal
49%
Baggersee
47%
Faubourg National
46%
Comtes
44%
Dante
43%
Hôpital de Hautepierre
42%
Kehl Bahnhof
42%
Robertsau L'Escale
41%
Ducs d'Alsace
40%
Graffenstaden
40%
Elsau
39%
Laiterie
39%
Musée d'Art Moderne
39%
Parc du Contades
39%
Saint-Florent
39%
Montagne Verte
38%
Aristide Briand
37%
Colonne
37%
Neuhof Rodolphe Reuss
37%
Schluthfeld
37%
Gravière
36%
Leclerc
36%
Droits de l'Homme
34%
Citadelle
32%
Futura Glacière
31%
Boecklin
30%
Cervantès
30%
Kibitzenau
30%
Lingolsheim Tiergaertel
30%
Lycée Jean Monnet
30%
Rives de l'Aar
30%
Hohwart
29%
Mélanie
29%
Paul Éluard
29%
Porte Blanche
28%
Illkirch Lixenbuhl
27%
Cours de l'Illiade
26%
Espace Européen de l'Entreprise
26%
Le Marais
26%
Lingolsheim Alouettes
26%
Londres
26%
Pont Phario
26%
Wilson
26%
Lycée Marc Bloch
25%
Parc Malraux
25%
Marcel Rudloff
24%
Jardiniers
23%
Parc des Romains
23%
Général de Gaulle
22%
Le Galet
22%
Le Ried
21%
Saint-Christophe
21%
Travail
21%
Elmerforst
20%
Ostwald Hôtel de Ville
20%
Bohrie
19%
Hochschule/Läger
19%
Copenhague
18%
Martin Schongauer
18%
Wihrel
18%
Vienne
17%
Clemenceau
16%
Gare aux Marchandises
16%
Palais de la Musique et des Congrès
16%
Arago
15%
Hochfelden
14%
Lavoisier
14%
Phalsbourg
14%
Place de Pierre
14%
Rieth
11%
Chambre de Métiers
9%

Distribution des résultats

Percentile par nombre de réponses

% des personnes avec chaque résultat

Votre développement - résultats

Vous n’avez pas pris ce quiz depuis la dernière actualisation